<?xml version="1.0" encoding="UTF-8"?>
<record
    xmlns:xsi="http://www.w3.org/2001/XMLSchema-instance"
    xsi:schemaLocation="http://www.loc.gov/MARC21/slim http://www.loc.gov/standards/marcxml/schema/MARC21slim.xsd"
    xmlns="http://www.loc.gov/MARC21/slim">

  <leader>02244nam a22002297a 4500</leader>
  <controlfield tag="003">OSt</controlfield>
  <controlfield tag="005">20210706114705.0</controlfield>
  <controlfield tag="008">140619b        xxu||||| |||| 00| 0 eng d</controlfield>
  <datafield tag="020" ind1=" " ind2=" ">
    <subfield code="a">9780077159153</subfield>
  </datafield>
  <datafield tag="020" ind1=" " ind2=" ">
    <subfield code="a">0077159152</subfield>
  </datafield>
  <datafield tag="040" ind1=" " ind2=" ">
    <subfield code="c">LC</subfield>
  </datafield>
  <datafield tag="050" ind1=" " ind2=" ">
    <subfield code="a">HB139.G85</subfield>
  </datafield>
  <datafield tag="100" ind1=" " ind2=" ">
    <subfield code="a">Gujarati, Damodar N.</subfield>
  </datafield>
  <datafield tag="245" ind1=" " ind2=" ">
    <subfield code="a">Basic econometrics. /</subfield>
    <subfield code="c">Damodar N. Gujarati, Dawn C. Porter</subfield>
  </datafield>
  <datafield tag="250" ind1=" " ind2=" ">
    <subfield code="a">5th ed. (African Value Edition)</subfield>
  </datafield>
  <datafield tag="260" ind1=" " ind2=" ">
    <subfield code="a">New York:</subfield>
    <subfield code="b">McGraw Hill Education,</subfield>
    <subfield code="c">2013.</subfield>
  </datafield>
  <datafield tag="300" ind1=" " ind2=" ">
    <subfield code="a">vi, 935 p.:</subfield>
    <subfield code="b">ill.;</subfield>
  </datafield>
  <datafield tag="500" ind1=" " ind2=" ">
    <subfield code="a">Includes index.</subfield>
  </datafield>
  <datafield tag="505" ind1=" " ind2=" ">
    <subfield code="a">Contents: Introduction -- Part I: Single-Equation Regression Model: The Nature of Regression Analysis -- Two-Variable Regression Analysis: Some Basic Ideas -- Two Variable Regression Model: The Problem of Estimation -- Classical Normal Linear Regression Model (CNLRM) -- Two-Variable Regression: Interval Estimation and Hypothesis Testing --  Extensions of the Two-Variable Linear Regression Model -- Multiple Regression Analysis: The Problem of Estimation -- Multiple Regression Analysis: The Problem of Inference ---  Dummy Variable Regression Models Part II: Relaxing the Assumptions of the Classical Model -- Multicollinearity: What happens if the Regressor are Correlated -- Heteroscedasticity: What Happens if the Error Variance is Nonconstant? --- Autocorrelation: What Happens if the Error Terms are Correlated -- Econometric Modeling: Model Specification and Diagnostic Testing Part III: Topics in Econometrics -- Nonlinear Regression Models -- Qualitative Response Regression Models -- Panel Data Regression Models -- Dynamic Econometric Model: Autoregressive and Distributed-Lag Models. Part IV: Simultaneous-Equation Models -- Simultaneous-Equation Models. -- The Identification Problem. -- Simultaneous-Equation Methods. -- Time Series Econometrics: Some Basic Concepts  -- Time Series Econometrics: Forecasting -- Appendix A: Review of Some Statistical Concepts --  Appendix B: Rudiments of Matrix Algebra -- Appendix C: The Matrix Approach to Linear Regression Model Appendix --  D: Statistical Tables  -- Appendix E: Computer Output of EViews, MINITAB, Excel, and STATA -- Appendix F: Economic Data on the World Wide Web</subfield>
  </datafield>
  <datafield tag="653" ind1=" " ind2=" ">
    <subfield code="a">Econometrics</subfield>
  </datafield>
  <datafield tag="942" ind1=" " ind2=" ">
    <subfield code="2">lcc</subfield>
    <subfield code="c">BK</subfield>
  </datafield>
  <datafield tag="999" ind1=" " ind2=" ">
    <subfield code="c">7701</subfield>
    <subfield code="d">15201</subfield>
  </datafield>
  <datafield tag="952" ind1=" " ind2=" ">
    <subfield code="0">0</subfield>
    <subfield code="1">0</subfield>
    <subfield code="2">lcc</subfield>
    <subfield code="4">0</subfield>
    <subfield code="7">0</subfield>
    <subfield code="a">WIUC-KL</subfield>
    <subfield code="b">WIUC-KL</subfield>
    <subfield code="c">GEN</subfield>
    <subfield code="d">2019-10-28</subfield>
    <subfield code="l">0</subfield>
    <subfield code="o">HB139.G85(5e)</subfield>
    <subfield code="p">K/867/867/19</subfield>
    <subfield code="r">2021-07-06 00:00:00</subfield>
    <subfield code="t">1</subfield>
    <subfield code="w">2021-07-06</subfield>
    <subfield code="y">BK</subfield>
  </datafield>
  <datafield tag="952" ind1=" " ind2=" ">
    <subfield code="0">0</subfield>
    <subfield code="1">0</subfield>
    <subfield code="2">lcc</subfield>
    <subfield code="4">0</subfield>
    <subfield code="7">0</subfield>
    <subfield code="a">WIUC-KL</subfield>
    <subfield code="b">WIUC-KL</subfield>
    <subfield code="c">GEN</subfield>
    <subfield code="d">2019-10-28</subfield>
    <subfield code="l">0</subfield>
    <subfield code="o">HB139.G851(5e)</subfield>
    <subfield code="p">K/868/868/19</subfield>
    <subfield code="r">2021-07-06 00:00:00</subfield>
    <subfield code="t">2</subfield>
    <subfield code="w">2021-07-06</subfield>
    <subfield code="y">BK</subfield>
  </datafield>
</record>
